Guidance on concessionary schemes for surface water drainage charges (Record no. 110888)

MARC details
000 -LEADER
fixed length control field 01144cad a22002055a 4500
001 - CONTROL NUMBER
control field L150470
008 - FIXED-LENGTH DATA ELEMENTS--GENERAL INFORMATION
fixed length control field 100716s2010 xxk 000 0 eng d
035 ## - SYSTEM CONTROL NUMBER
System control number (Sirsi) u150470
041 0# - LANGUAGE CODE
Language code of text/sound track or separate title eng
110 2# - MAIN ENTRY--CORPORATE NAME
Corporate name or jurisdiction name as entry element United Kingdom
Subordinate unit Department for Environment, Food and Rural Affairs
245 00 - TITLE STATEMENT
Title Guidance on concessionary schemes for surface water drainage charges
Remainder of title ref: (27/10)
Medium [electronic resource]
260 ## - PUBLICATION, DISTRIBUTION, ETC.
Place of publication, distribution, etc. London
Name of publisher, distributor, etc. DEFRA
Date of publication, distribution, etc. 2010
520 ## - SUMMARY, ETC.
Summary, etc. Consultation seeks views on guidance to water and sewerage companies on concessionary schemes for community groups to protect them from unaffordable surface water drainage charges. Areas including in this consultation are; guidance on concessionary schemes for surface water drainage charges and the community groups that should benefit from any such schemes.
590 ## - LOCAL NOTE (RLIN)
Local note KA
650 24 - SUBJECT ADDED ENTRY--TOPICAL TERM
Topical term or geographic name entry element FLOOD AND WATER MANAGEMENT ACT 2010
651 #4 - SUBJECT ADDED ENTRY--GEOGRAPHIC NAME
Geographic name England and Wales
Chronological subdivision 1543-
690 ## - LOCAL SUBJECT ADDED ENTRY--TOPICAL TERM (OCLC, RLIN)
Topical term or geographic name as entry element ENVIRONMENTAL AND LAND CONSULTANCY-WATER RESOURCE MANAGEMENT
856 40 - ELECTRONIC LOCATION AND ACCESS
Uniform Resource Identifier <a href="https://archive.defra.gov.uk/corporate/consult/surface-charges/">https://archive.defra.gov.uk/corporate/consult/surface-charges/</a>
Public note View the consultation free of charge at www.defra.gov.uk
942 ## - ADDED ENTRY ELEMENTS (KOHA)
Suppress in OPAC 0
Holdings
Withdrawn status Lost status Source of classification or shelving scheme Damaged status Not for loan Home library Current library Shelving location Date acquired Total Checkouts Full call number Barcode Date last seen Copy number Price effective from Koha item type
    Dewey Decimal Classification     Virtual Virtual Online 16/07/2010   ONLINE PUBLICATION 150470-2001 06/08/2019 1 06/08/2019 Book